Normal view
MARC view
- Dilawar,Ayesha
Entry Personal Name
001 - CONTROL NUMBER
- control field: 5091
003 - CONTROL NUMBER IDENTIFIER
- control field: NUST
005 - DATE AND TIME OF LATEST TRANSACTION
- control field: 20170928134305.0
008 - FIXED-LENGTH DATA ELEMENTS
- fixed length control field: 170928|| aca||aabn | a|a d
040 ## - CATALOGING SOURCE
- Original cataloging agency: NUST
- Transcribing agency: NUST
100 ## - HEADING--PERSONAL NAME
- Personal name: Dilawar,Ayesha
670 ## - SOURCE DATA FOUND
- Source citation: Work cat.: (NUST): Dilawar,Ayesha, Revisiting acreage & supply response models for leading crops in Pakistan, 2013
